[Event "32. Copenhagen Open (Politiken Cup)"]
[Site "Elsinore"]
[Date "2010.08.01"]
[Round "2"]
[White "Carlstedt, Jonathan"]
[Black "Petersen, Nils"]
[Result "1-0"]
[WhiteElo "2379"]
[BlackElo "2053"]
[PlyCount "71"]
[EventDate "2010.07.31"]
[EventType "swiss"]
[EventRounds "10"]
[EventCountry "DEN"]
[Source "ChessBase"]
[SourceDate "2010.09.01"]

1. c4 e5 2. g3 Nf6 3. Bg2 Nc6 4. Nc3 Be7 5. Nf3 d6 6. d3 O-O 7. O-O h6 8. a3 a5
9. Rb1 Be6 10. b4 axb4 11. axb4 Qd7 12. b5 Nd8 13. Bb2 Bh3 14. e4 Bxg2 15. Kxg2
c5 16. bxc6 bxc6 17. d4 Qc7 18. d5 Nb7 19. Nh4 Rfd8 20. Nf5 Bf8 21. Qf3 Kh7 22.
Bc1 cxd5 23. cxd5 Ng8 24. Be3 Rdc8 25. Rb6 Qd7 26. Nb5 g6 27. Rxb7 Qxb7 28.
Nfxd6 Qd7 29. Nxc8 Rxc8 30. Na7 Re8 31. Nc6 f5 32. exf5 gxf5 33. Ra1 e4 34. Qh5
Nf6 35. Ra7 Qxa7 36. Qxf5+ 1-0

[Event "32. Copenhagen Open (Politiken Cup)"]
[Site "Elsinore"]
[Date "2010.08.01"]
[Round "2"]
[White "Christensen, Bo Garner"]
[Black "Hansen, Rene Rauer"]
[Result "0-1"]
[WhiteElo "2288"]
[BlackElo "2028"]
[PlyCount "72"]
[EventDate "2010.07.31"]
[EventType "swiss"]
[EventRounds "10"]
[EventCountry "DEN"]
[Source "ChessBase"]
[SourceDate "2010.09.01"]

1. e4 e5 2. Nf3 Nc6 3. Bb5 a6 4. Ba4 Nf6 5. d4 exd4 6. O-O Be7 7. Re1 O-O 8. e5
Ne8 9. c3 d6 10. cxd4 b5 11. Bc2 dxe5 12. Be4 Bb7 13. Nc3 Nf6 14. d5 Nxe4 15.
Rxe4 Nb4 16. Bg5 Nxd5 17. Bxe7 Nxe7 18. Rxe5 Ng6 19. Re3 Qf6 20. Qb3 Rae8 21.
Rae1 Rxe3 22. Rxe3 c5 23. a4 b4 24. Ne2 h6 25. Ng3 Rd8 26. h3 Bd5 27. Qc2 Qc6
28. Nf5 Be6 29. Ne5 Qe8 30. Ng4 Qd7 31. Nfxh6+ Kh7 32. Kh2 Qd6+ 33. Rg3 gxh6
34. Nf6+ Kh8 35. Qc1 Qf4 36. Qxc5 Qxf6 0-1

[Event "32. Copenhagen Open (Politiken Cup)"]
[Site "Elsinore"]
[Date "2010.08.01"]
[Round "2"]
[White "Christensen, Klaus"]
[Black "Jorgensen, Dennis"]
[Result "1/2-1/2"]
[WhiteElo "2009"]
[BlackElo "2216"]
[PlyCount "30"]
[EventDate "2010.07.31"]
[EventType "swiss"]
[EventRounds "10"]
[EventCountry "DEN"]
[Source "ChessBase"]
[SourceDate "2010.09.01"]

1. d4 Nf6 2. c4 e6 3. Nf3 b6 4. g3 Ba6 5. Qb3 Nc6 6. Nbd2 Bb7 7. e4 d5 8. cxd5
exd5 9. e5 Ne4 10. Bd3 Bb4 11. O-O Bxd2 12. Bxd2 Nxd2 13. Nxd2 O-O 14. Nf3 Kh8
15. Qc3 f6 1/2-1/2

[Event "32. Copenhagen Open (Politiken Cup)"]
[Site "Elsinore"]
[Date "2010.08.01"]
[Round "2"]
[White "Christensen, Svend Ellegaard"]
[Black "Skjoldager, Flemming"]
[Result "1-0"]
[WhiteElo "2226"]
[BlackElo "2006"]
[PlyCount "70"]
[EventDate "2010.07.31"]
[EventType "swiss"]
[EventRounds "10"]
[EventCountry "DEN"]
[Source "ChessBase"]
[SourceDate "2010.09.01"]

1. d4 Nf6 2. Nf3 e6 3. Bf4 b6 4. Nbd2 Bb7 5. e3 d6 6. h3 Nbd7 7. c3 Ne4 8. Nxe4
Bxe4 9. Be2 Be7 10. O-O O-O 11. Nd2 Bb7 12. a4 a6 13. b4 Nf6 14. Qc2 d5 15.
Rfb1 Bd6 16. Bd3 Bxf4 17. exf4 Qd6 18. g3 Bc8 19. Nb3 g6 20. a5 b5 21. Re1 Qd8
22. Qe2 Ne8 23. Nc5 Qf6 24. Kg2 Ra7 25. Qf3 Nd6 26. h4 h5 27. Re5 c6 28. Rh1
Nf5 29. Qe2 Kg7 30. Bxf5 exf5 31. Re1 Rd8 32. Re7 Rxe7 33. Qxe7 Qd6 34. Qxd6
Rxd6 35. Re8 Be6 1-0

[Event "32. Copenhagen Open (Politiken Cup)"]
[Site "Elsinore"]
[Date "2010.08.01"]
[Round "2"]
[White "Christiansen, Johan Sebastian"]
[Black "Bratteteig, Tore Inge"]
[Result "1-0"]
[WhiteElo "1921"]
[BlackElo "1671"]
[PlyCount "99"]
[EventDate "2010.07.31"]
[EventType "swiss"]
[EventRounds "10"]
[EventCountry "DEN"]
[Source "ChessBase"]
[SourceDate "2010.09.01"]

1. c4 e5 2. Nc3 Nc6 3. Nf3 Nf6 4. d3 Be7 5. g3 O-O 6. Bg2 d6 7. O-O h6 8. a3 a5
9. Rb1 Be6 10. b4 axb4 11. axb4 Qd7 12. b5 Nd8 13. Re1 Bg4 14. Nd2 Rb8 15. Nde4
Ne6 16. Be3 Nxe4 17. Bxe4 Bg5 18. Ba7 Ra8 19. Ra1 c6 20. h4 Be7 21. Qd2 f5 22.
Bg2 g5 23. Kh2 Kg7 24. hxg5 Bxg5 25. Qb2 f4 26. bxc6 fxg3+ 27. fxg3 bxc6 28.
Bg1 Nd4 29. Rxa8 Rxa8 30. Bxd4 exd4 31. Ne4 Be3 32. Nxd6 Rf8 33. c5 Rf2 34. Kh1
Bh3 35. Be4 Be6 36. Qb7 Qxb7 37. Nxb7 Bd7 38. Bf3 Kf6 39. Nd6 Bh3 40. Ne4+ Ke7
41. Nxf2 Bxf2 42. Rb1 Bxg3 43. Bxc6 Bg4 44. Bf3 Bxf3+ 45. exf3 Bf4 46. Rb4 Be5
47. Kg2 Kd7 48. Kh3 Kc6 49. Rc4 Bf4 50. Kg4 1-0

[Event "32. Copenhagen Open (Politiken Cup)"]
[Site "Elsinore"]
[Date "2010.08.01"]
[Round "2"]
[White "Czarnota, Dorota"]
[Black "Capion, Jon Gotz"]
[Result "1-0"]
[WhiteElo "2214"]
[BlackElo "1799"]
[PlyCount "65"]
[EventDate "2010.07.31"]
[EventType "swiss"]
[EventRounds "10"]
[EventCountry "DEN"]
[Source "ChessBase"]
[SourceDate "2010.09.01"]

1. e4 c5 2. Nf3 d6 3. d4 cxd4 4. Nxd4 Nf6 5. Nc3 a6 6. Be2 e5 7. Nb3 Be6 8. O-O
Nbd7 9. a4 Rc8 10. Bf3 Be7 11. a5 O-O 12. Be3 Bxb3 13. cxb3 Nc5 14. Nd5 Nxd5
15. Qxd5 Qd7 16. b4 Ne6 17. Rfd1 Nc7 18. Qxe5 Bf6 19. Rxd6 Bxe5 20. Rxd7 Bxb2
21. Rb1 Be5 22. Bg4 Rcd8 23. Rbd1 Rxd7 24. Rxd7 Nb5 25. Rxb7 g6 26. Be2 Nd6 27.
Rd7 Nxe4 28. Re7 Nc3 29. Bxa6 Rd8 30. g3 Bd6 31. Rb7 Nd5 32. Bd2 Ra8 33. Bc4
1-0

[Event "32. Copenhagen Open (Politiken Cup)"]
[Site "Elsinore"]
[Date "2010.08.01"]
[Round "2"]
[White "Dam, Vagnur"]
[Black "Hansen, Verner"]
[Result "0-1"]
[WhiteElo "1673"]
[BlackElo "1927"]
[PlyCount "62"]
[EventDate "2010.07.31"]
[EventType "swiss"]
[EventRounds "10"]
[EventCountry "DEN"]
[Source "ChessBase"]
[SourceDate "2010.09.01"]

1. d4 d5 2. c4 e6 3. Nf3 Nf6 4. g3 c5 5. cxd5 exd5 6. Bg2 Be6 7. O-O Nbd7 8. b3
Be7 9. Bb2 Rc8 10. Nbd2 O-O 11. Ne5 Nxe5 12. dxe5 Nd7 13. f4 f5 14. exf6 Nxf6
15. e4 d4 16. f5 Bf7 17. g4 Nd7 18. Nf3 Bd6 19. Qd2 Qc7 20. Qf2 Ne5 21. Nxe5
Bxe5 22. Qh4 Qb6 23. Rf3 Rc6 24. g5 h6 25. Rh3 c4 26. Bc1 cxb3 27. axb3 Bxb3
28. Rb1 Rxc1+ 29. Rxc1 d3+ 30. Kf1 d2 31. Rb1 Bc4+ 0-1

[Event "32. Copenhagen Open (Politiken Cup)"]
[Site "Elsinore"]
[Date "2010.08.01"]
[Round "2"]
[White "Danielsen, Henrik"]
[Black "Nielsen, Klaus"]
[Result "1-0"]
[WhiteElo "2512"]
[BlackElo "2095"]
[PlyCount "55"]
[EventDate "2010.07.31"]
[EventType "swiss"]
[EventRounds "10"]
[EventCountry "DEN"]
[Source "ChessBase"]
[SourceDate "2010.09.01"]

1. e4 c5 2. Nf3 Nc6 3. Bb5 g6 4. Bxc6 dxc6 5. d3 Bg7 6. Nc3 Qc7 7. Be3 b6 8. h3
e5 9. Qd2 h6 10. a3 a5 11. O-O Ne7 12. Na4 f5 13. Qc3 Be6 14. b4 axb4 15. axb4
O-O 16. bxc5 b5 17. Nb6 Rxa1 18. Rxa1 fxe4 19. dxe4 Bxh3 20. Qb3+ Kh7 21. Bxh6
Bxh6 22. gxh3 Nc8 23. Ra8 Nxb6 24. cxb6 Qxb6 25. Rxf8 Bxf8 26. Qf7+ Bg7 27.
Ng5+ Kh8 28. Qe8+ 1-0

[Event "32. Copenhagen Open (Politiken Cup)"]
[Site "Elsinore"]
[Date "2010.08.01"]
[Round "2"]
[White "Dyrgaard, Kristoffer"]
[Black "Larsen, Tor Ketil"]
[Result "1-0"]
[WhiteElo "2254"]
[BlackElo "2022"]
[PlyCount "75"]
[EventDate "2010.07.31"]
[EventType "swiss"]
[EventRounds "10"]
[EventCountry "DEN"]
[Source "ChessBase"]
[SourceDate "2010.09.01"]

1. e4 d6 2. d4 Nf6 3. Nc3 g6 4. Be3 Bg7 5. h4 c6 6. h5 Nxh5 7. Qd2 Kd7 8. Nh3
Kc7 9. Be2 Bxh3 10. Rxh3 Nf6 11. O-O-O h5 12. f4 Ng4 13. Kb1 Nxe3 14. Qxe3 Nd7
15. e5 Nb6 16. d5 Rc8 17. dxc6 bxc6 18. Ba6 Rb8 19. a4 Qd7 20. Ne4 Qg4 21. Be2
Nc4 22. Qxa7+ Rb7 23. exd6+ exd6 24. Qxb7+ Kxb7 25. Bxg4 hxg4 26. Rxh8 Bxh8 27.
Nxd6+ Nxd6 28. Rxd6 Kc7 29. Rd3 Bg7 30. b4 Bf8 31. b5 c5 32. g3 Be7 33. a5 Bf6
34. Kc1 c4 35. Rd5 Bc3 36. a6 Be1 37. a7 Kb7 38. Rd7+ 1-0

[Event "32. Copenhagen Open (Politiken Cup)"]
[Site "Elsinore"]
[Date "2010.08.01"]
[Round "2"]
[White "Eisele, Per"]
[Black "Petersen, Jan Han"]
[Result "1-0"]
[WhiteElo "1804"]
[BlackElo "1700"]
[PlyCount "55"]
[EventDate "2010.07.31"]
[EventType "swiss"]
[EventRounds "10"]
[EventCountry "DEN"]
[Source "ChessBase"]
[SourceDate "2010.09.01"]

1. Nc3 Nf6 2. d4 e6 3. Bg5 Be7 4. e3 d5 5. f4 c5 6. Nf3 Nbd7 7. Bd3 c4 8. Be2
a6 9. O-O O-O 10. Ne5 Nxe5 11. fxe5 Ne8 12. Bxe7 Qxe7 13. e4 Nc7 14. Bf3 Rd8
15. Ne2 b5 16. exd5 Nxd5 17. c3 Bb7 18. Qd2 a5 19. Ng3 Rab8 20. Ne4 f6 21. exf6
gxf6 22. Qh6 Qg7 23. Qxg7+ Kxg7 24. Nc5 Bc8 25. Rae1 Kf7 26. Bh5+ Ke7 27. Bg4
f5 28. Bxf5 1-0

[Event "32. Copenhagen Open (Politiken Cup)"]
[Site "Elsinore"]
[Date "2010.08.01"]
[Round "2"]
[White "Eklund, Joel"]
[Black "Jensen, Niels Christian"]
[Result "1-0"]
[WhiteElo "2192"]
[BlackElo "1993"]
[PlyCount "61"]
[EventDate "2010.07.31"]
[EventType "swiss"]
[EventRounds "10"]
[EventCountry "DEN"]
[Source "ChessBase"]
[SourceDate "2010.09.01"]

1. d4 Nf6 2. c4 g6 3. f3 Bg7 4. e4 d6 5. Nc3 O-O 6. Bg5 Nc6 7. Qd2 a6 8. Nge2
Rb8 9. d5 Na5 10. Nc1 c5 11. a3 Qc7 12. Be2 Bd7 13. a4 e6 14. O-O Rfe8 15. Rd1
exd5 16. Bxf6 Bxf6 17. Nxd5 Qd8 18. Nxf6+ Qxf6 19. Qxa5 Qxb2 20. Ra2 Qe5 21.
Qc7 Bc6 22. Qxd6 Qg5 23. Qd2 Qf6 24. Qe3 Qe7 25. Nd3 f5 26. Qxc5 fxe4 27. Qxe7
Rxe7 28. fxe4 Rxe4 29. Nc5 Re7 30. Rb2 Rbe8 31. Bf3 1-0

[Event "32. Copenhagen Open (Politiken Cup)"]
[Site "Elsinore"]
[Date "2010.08.01"]
[Round "2"]
[White "Fyhn, Thomas Rossander"]
[Black "Jacobsen, Fredrik Beer"]
[Result "0-1"]
[WhiteElo "1715"]
[BlackElo "1955"]
[PlyCount "138"]
[EventDate "2010.07.31"]
[EventType "swiss"]
[EventRounds "10"]
[EventCountry "DEN"]
[Source "ChessBase"]
[SourceDate "2010.09.01"]

1. e4 e5 2. Nf3 Nc6 3. Bb5 a6 4. Ba4 Nf6 5. d3 b5 6. Bb3 Be7 7. Be3 d6 8. Nbd2
O-O 9. O-O Na5 10. h3 Ne8 11. c4 Nxb3 12. axb3 b4 13. d4 exd4 14. Bxd4 f5 15.
e5 c5 16. exd6 Bxd6 17. Be5 Bb7 18. Re1 Qc7 19. Bxd6 Nxd6 20. Ng5 Rf6 21. Ndf3
Ne4 22. Nxe4 fxe4 23. Nh2 Raf8 24. Re2 Rg6 25. Ng4 Qf4 26. Qd2 Qf5 27. Rd1 h5
28. Ne3 Qxh3 29. Qd7 Qf3 30. Kf1 Qf7 31. Qxf7+ Rxf7 32. Nd5 Rg4 33. Rde1 Bxd5
34. cxd5 Rff4 35. Rc1 Rg3 36. Rd1 Kf8 37. d6 Rd3 38. Ree1 Rxd1 39. Rxd1 Ke8 40.
Ke2 Kd7 41. Ke3 Rf6 42. Kxe4 Rxd6 43. Rxd6+ Kxd6 44. f4 g6 45. g3 a5 46. Ke3
Ke7 47. Kf2 c4 48. Ke2 cxb3 49. Kd3 a4 50. Kc4 a3 51. Kxb3 axb2 52. Kxb2 Kf6
53. Kb3 Kf5 54. Kxb4 Kg4 55. Kc4 Kxg3 56. Kd3 Kxf4 57. Ke2 Kg3 58. Kf1 Kh2 59.
Kf2 g5 60. Kf3 g4+ 61. Kf4 g3 62. Kg5 g2 63. Kh4 g1=Q 64. Kxh5 Kh3 65. Kh6 Kh4
66. Kh7 Kh5 67. Kh8 Qa7 68. Kg8 Kg6 69. Kh8 Qg7# 0-1

[Event "32. Copenhagen Open (Politiken Cup)"]
[Site "Elsinore"]
[Date "2010.08.01"]
[Round "2"]
[White "Ganguly, Surya Shekhar"]
[Black "Skjoldager, Per"]
[Result "1-0"]
[WhiteElo "2655"]
[BlackElo "2137"]
[PlyCount "63"]
[EventDate "2010.07.31"]
[EventType "swiss"]
[EventRounds "10"]
[EventCountry "DEN"]
[Source "ChessBase"]
[SourceDate "2010.09.01"]

1. e4 c6 2. d4 d5 3. Nd2 dxe4 4. Nxe4 Bf5 5. Ng3 Bg6 6. h4 h6 7. Nf3 Nd7 8. h5
Bh7 9. Bd3 Bxd3 10. Qxd3 e6 11. Bd2 Qc7 12. O-O-O Ngf6 13. Ne4 O-O-O 14. g3
Nxe4 15. Qxe4 Nf6 16. Qe2 Bd6 17. c4 c5 18. Bc3 cxd4 19. Rxd4 Rd7 20. Kb1 Rhd8
21. c5 Bf8 22. Rc4 Rd5 23. Be5 Qc6 24. Rhc1 Nd7 25. Bd6 Qa6 26. Qc2 Nb8 27. Ne5
f6 28. Ng6 Bxd6 29. cxd6+ Kd7 30. Nf4 Rxd6 31. Rc7+ Ke8 32. Qg6+ 1-0

[Event "32. Copenhagen Open (Politiken Cup)"]
[Site "Elsinore"]
[Date "2010.08.01"]
[Round "2"]
[White "Greeuw, Sietske"]
[Black "Nilsson, Anders1"]
[Result "1/2-1/2"]
[WhiteElo "1970"]
[BlackElo "2160"]
[PlyCount "90"]
[EventDate "2010.07.31"]
[EventType "swiss"]
[EventRounds "10"]
[EventCountry "DEN"]
[Source "ChessBase"]
[SourceDate "2010.09.01"]

1. d4 e6 2. e4 d5 3. Nd2 Nc6 4. c3 e5 5. Bb5 exd4 6. Qe2 Nge7 7. Ngf3 dxc3 8.
bxc3 Be6 9. O-O a6 10. Ba4 g6 11. Ba3 b5 12. Bb3 Na5 13. Bxe7 Bxe7 14. Bxd5
Bxd5 15. exd5 O-O 16. Rad1 Bf6 17. Ne4 Bg7 18. Rfe1 Nc4 19. a4 Qd7 20. axb5
axb5 21. Nc5 Qd6 22. Ne4 Qd7 23. Nc5 Qd6 24. Ne4 Qb6 25. Nd4 Rfe8 26. Qc2 h6
27. Nc6 Kh7 28. h4 Ne5 29. Nd4 Rac8 30. Ne2 Ng4 31. Nf4 Be5 32. g3 Bxf4 33.
gxf4 f5 34. Ng3 Qf6 35. h5 gxh5 36. Rxe8 Rxe8 37. Qxf5+ Qxf5 38. Nxf5 Rf8 39.
d6 cxd6 40. Nxd6 Rxf4 41. Rd2 h4 42. Kg2 b4 43. cxb4 Rxb4 44. Nf5 Rf4 45. Rd7+
Kh8 1/2-1/2

[Event "32. Copenhagen Open (Politiken Cup)"]
[Site "Elsinore"]
[Date "2010.08.01"]
[Round "2"]
[White "Halamus, Agata"]
[Black "Wiecker, Stefan"]
[Result "1-0"]
[WhiteElo "1996"]
[BlackElo "2188"]
[PlyCount "83"]
[EventDate "2010.07.31"]
[EventType "swiss"]
[EventRounds "10"]
[EventCountry "DEN"]
[Source "ChessBase"]
[SourceDate "2010.09.01"]

1. e4 c5 2. Nf3 d6 3. d4 cxd4 4. Nxd4 Nf6 5. Nc3 Nc6 6. Bg5 e6 7. Qd2 a6 8.
O-O-O h6 9. Nxc6 bxc6 10. e5 hxg5 11. exf6 d5 12. Ne4 Qc7 13. Qc3 g6 14. Nc5
Bd6 15. Re1 Rb8 16. Bd3 Bxc5 17. Qxc5 Qf4+ 18. Re3 Qxf6 19. Qxc6+ Bd7 20. Qxd5
Qxb2+ 21. Kd2 Qb4+ 22. Ke2 g4 23. Rd1 Rh5 24. Qe4 a5 25. c4 Qb2+ 26. Rd2 Qc1
27. Qd4 Rd8 28. Bc2 Qg1 29. Ba4 Qxg2 30. Bxd7+ Kf8 31. Qd6+ Kg7 32. Qd4+ e5 33.
Qxg4 Qxh2 34. Qg3 Qh1 35. Bg4 Rxd2+ 36. Kxd2 Rh2 37. Qxe5+ Kg8 38. Qe8+ Kg7 39.
Qe5+ Kg8 40. Qf6 Qa8 41. Bd7 Qe8 42. Rxe8+ 1-0

[Event "32. Copenhagen Open (Politiken Cup)"]
[Site "Elsinore"]
[Date "2010.08.01"]
[Round "2"]
[White "Hansen, Morten Moller"]
[Black "Andersen, Dag"]
[Result "1-0"]
[WhiteElo "2154"]
[BlackElo "1899"]
[PlyCount "89"]
[EventDate "2010.07.31"]
[EventType "swiss"]
[EventRounds "10"]
[EventCountry "DEN"]
[Source "ChessBase"]
[SourceDate "2010.09.01"]

1. d4 Nf6 2. c4 c5 3. d5 e5 4. Nc3 d6 5. e4 Be7 6. Bd3 Nbd7 7. Nge2 h5 8. Qa4
h4 9. f4 exf4 10. Nxf4 Kf8 11. Be2 Ne5 12. h3 Bd7 13. Qb3 Rb8 14. Be3 a6 15.
Rf1 b5 16. cxb5 axb5 17. Qc2 Qa5 18. Bd2 b4 19. Nd1 Bb5 20. b3 Bxe2 21. Nxe2
Nfd7 22. a4 Bf6 23. Rb1 Qa6 24. Nb2 Ke7 25. Nf4 g6 26. Be3 Rhc8 27. Rc1 Rc7 28.
Nfd3 Rbc8 29. Nxe5 Bxe5 30. Nc4 Bc3+ 31. Bd2 Bd4 32. Qd3 Qa7 33. Bg5+ f6 34.
Bxh4 g5 35. Bg3 Be5 36. Bxe5 fxe5 37. Qg3 Rg8 38. Qg4 Rg6 39. Qf5 Rf6 40. Qh7+
Ke8 41. Qg8+ Rf8 42. Nxd6+ Ke7 43. Qe6+ Kd8 44. Rxf8+ Nxf8 45. Qe8# 1-0

[Event "32. Copenhagen Open (Politiken Cup)"]
[Site "Elsinore"]
[Date "2010.08.01"]
[Round "2"]
[White "Harstad, Christian"]
[Black "Aabling Thomsen, Jakob"]
[Result "0-1"]
[WhiteElo "2044"]
[BlackElo "2314"]
[PlyCount "40"]
[EventDate "2010.07.31"]
[EventType "swiss"]
[EventRounds "10"]
[EventCountry "DEN"]
[Source "ChessBase"]
[SourceDate "2010.09.01"]

1. d4 Nf6 2. c4 g6 3. Nc3 d5 4. Nf3 Bg7 5. Bg5 Ne4 6. Bh4 Nxc3 7. bxc3 dxc4 8.
Qa4+ Nd7 9. Qxc4 c5 10. e3 O-O 11. dxc5 b5 12. cxb6 Nxb6 13. Qb3 Be6 14. Qa3
Rc8 15. Rc1 Qd5 16. Ba6 Nc4 17. Qb4 Qd3 18. Bxe7 Rb8 19. Qa3 Rb1 20. Bxc4 Bxc3+
0-1

[Event "32. Copenhagen Open (Politiken Cup)"]
[Site "Elsinore"]
[Date "2010.08.01"]
[Round "2"]
[White "Haubro, Martin"]
[Black "Holst, Conny"]
[Result "1-0"]
[WhiteElo "1991"]
[BlackElo "2185"]
[PlyCount "71"]
[EventDate "2010.07.31"]
[EventType "swiss"]
[EventRounds "10"]
[EventCountry "DEN"]
[Source "ChessBase"]
[SourceDate "2010.09.01"]

1. e4 c5 2. Nf3 e6 3. d4 cxd4 4. Nxd4 a6 5. c4 Qc7 6. Nc3 Nc6 7. Be3 Nf6 8. Bd3
Ne5 9. Rc1 Nfg4 10. Bg5 h6 11. Bh4 Nxd3+ 12. Qxd3 Bc5 13. Nf3 d6 14. O-O Bd7
15. a3 Ne5 16. Nxe5 dxe5 17. b4 Be7 18. Bxe7 Kxe7 19. Rfd1 Rhd8 20. c5 Be8 21.
Qe3 Kf8 22. h3 Rac8 23. Nb1 Ba4 24. Rd2 a5 25. Rxd8+ Rxd8 26. Nc3 Be8 27. b5 a4
28. c6 bxc6 29. b6 Qe7 30. Nxa4 c5 31. Nxc5 Bc6 32. Na6 Qd6 33. Nb4 Bb7 34. Rc7
Rb8 35. Qf3 f5 36. Qh5 1-0

[Event "32. Copenhagen Open (Politiken Cup)"]
[Site "Elsinore"]
[Date "2010.08.01"]
[Round "2"]
[White "Helin, Mikael"]
[Black "Heggum, Tore"]
[Result "1-0"]
[WhiteElo "1930"]
[BlackElo "1689"]
[PlyCount "51"]
[EventDate "2010.07.31"]
[EventType "swiss"]
[EventRounds "10"]
[EventCountry "DEN"]
[Source "ChessBase"]
[SourceDate "2010.09.01"]

1. e4 c5 2. Nc3 Nc6 3. g3 g6 4. Bg2 Bg7 5. d3 d6 6. Nge2 Nf6 7. O-O O-O 8. h3
a6 9. f4 Qc7 10. g4 e6 11. Ng3 Rb8 12. f5 exf5 13. exf5 h6 14. h4 gxf5 15. g5
hxg5 16. hxg5 Ng4 17. Nd5 Qd8 18. c3 Ne7 19. Nxf5 Nxf5 20. Qxg4 Ne3 21. Qh4
Nxd5 22. Bxd5 Be6 23. Be4 f5 24. gxf6 Rxf6 25. Qh7+ Kf8 26. Bh6 1-0

[Event "32. Copenhagen Open (Politiken Cup)"]
[Site "Elsinore"]
[Date "2010.08.01"]
[Round "2"]
[White "Hillarp Persson, Tiger"]
[Black "Jorgensen, Rasmus"]
[Result "1-0"]
[WhiteElo "2538"]
[BlackElo "2098"]
[PlyCount "53"]
[EventDate "2010.07.31"]
[EventType "swiss"]
[EventRounds "10"]
[EventCountry "DEN"]
[Source "ChessBase"]
[SourceDate "2010.09.01"]

1. e4 e5 2. Nf3 Nc6 3. Bc4 Bc5 4. c3 Nf6 5. d3 a6 6. O-O O-O 7. Bb3 Ba7 8. Bg5
d6 9. Nbd2 Bg4 10. h3 Bh5 11. g4 Bg6 12. Nh4 Kh8 13. Qf3 Qe7 14. Rae1 Rae8 15.
Kh1 Nd8 16. Nf5 Bxf5 17. exf5 h6 18. Bxf6 Qxf6 19. Ne4 Qh4 20. Qg3 Qxg3 21.
fxg3 Bb8 22. g5 h5 23. g4 hxg4 24. hxg4 c6 25. Kg2 Re7 26. Rh1+ Kg8 27. Rh4 1-0

[Event "32. Copenhagen Open (Politiken Cup)"]
[Site "Elsinore"]
[Date "2010.08.01"]
[Round "2"]
[White "Hobber, Anders"]
[Black "Meier, Georg"]
[Result "0-1"]
[WhiteElo "2135"]
[BlackElo "2648"]
[PlyCount "96"]
[EventDate "2010.07.31"]
[EventType "swiss"]
[EventRounds "10"]
[EventCountry "DEN"]
[Source "ChessBase"]
[SourceDate "2010.09.01"]

1. d4 Nf6 2. Nf3 e6 3. c3 b6 4. Bg5 Bb7 5. Nbd2 h6 6. Bxf6 Qxf6 7. e4 c5 8. Bd3
cxd4 9. cxd4 Nc6 10. e5 Qd8 11. O-O Nb4 12. Be4 Nd5 13. Re1 Be7 14. Nb1 O-O 15.
Nc3 Nxc3 16. bxc3 Bxe4 17. Rxe4 Rc8 18. Qb3 Qc7 19. Rc1 Qc4 20. Nd2 Qc6 21. Re2
d6 22. exd6 Qxd6 23. Nf3 Rc7 24. h3 Rfc8 25. c4 g6 26. Rd2 Kg7 27. Rd3 Bf6 28.
Rc2 Rc6 29. Rd1 Kg8 30. Kh1 Bg7 31. Kg1 R6c7 32. Kh1 e5 33. d5 f5 34. Ng1 Kh7
35. Ne2 Rc5 36. Nc3 Qd7 37. Na4 R5c7 38. Rdd2 Bf8 39. Nb2 e4 40. Nd1 Bd6 41.
Ne3 h5 42. c5 Rxc5 43. Rxc5 Rxc5 44. Rc2 f4 45. Nd1 Qb5 46. Rxc5 Qf1+ 47. Kh2
f3+ 48. g3 Qg2# 0-1

[Event "32. Copenhagen Open (Politiken Cup)"]
[Site "Elsinore"]
[Date "2010.08.01"]
[Round "2"]
[White "Hvenekilde, Jorgen"]
[Black "Landa, Konstantin"]
[Result "0-1"]
[WhiteElo "2111"]
[BlackElo "2598"]
[PlyCount "80"]
[EventDate "2010.07.31"]
[EventType "swiss"]
[EventRounds "10"]
[EventCountry "DEN"]
[Source "ChessBase"]
[SourceDate "2010.09.01"]

1. d4 Nf6 2. c4 e6 3. Nf3 d5 4. g3 dxc4 5. Bg2 a6 6. O-O Nc6 7. e3 Bd7 8. a4
Rb8 9. b3 Na5 10. bxc4 Nxc4 11. Qc2 b5 12. axb5 axb5 13. Nbd2 Nxd2 14. Bxd2 Bd6
15. e4 Be7 16. Ne5 O-O 17. Rfc1 Rb7 18. Nd3 b4 19. Nc5 Bxc5 20. Qxc5 b3 21.
Rab1 Qa8 22. Qc3 Rfb8 23. Rb2 Qa4 24. Bf4 h6 25. h3 Rb4 26. Be5 Ne8 27. d5 exd5
28. exd5 Bf5 29. Kh2 Bc2 30. Rbxc2 bxc2 31. Rxc2 Rb3 32. Qd2 Qb4 33. Qe2 Qe7
34. Bf4 Qxe2 35. Rxe2 Rb2 36. Rxb2 Rxb2 37. Be3 Nf6 38. Bd4 Rb5 39. Bxf6 gxf6
40. g4 Kf8 0-1

[Event "32. Copenhagen Open (Politiken Cup)"]
[Site "Elsinore"]
[Date "2010.08.01"]
[Round "2"]
[White "Hyldkrog, Lars"]
[Black "Carstensen, Jacob"]
[Result "0-1"]
[WhiteElo "2044"]
[BlackElo "2295"]
[PlyCount "86"]
[EventDate "2010.07.31"]
[EventType "swiss"]
[EventRounds "10"]
[EventCountry "DEN"]
[Source "ChessBase"]
[SourceDate "2010.09.01"]

1. e4 c5 2. Nf3 d6 3. d4 cxd4 4. Nxd4 Nf6 5. Nc3 a6 6. Bg5 e6 7. f4 Qc7 8. Qf3
b5 9. O-O-O b4 10. Nd5 exd5 11. Bxf6 gxf6 12. exd5 Qc5 13. Bd3 Kd8 14. Bf5 Ra7
15. Bxc8 Kxc8 16. Qg4+ Rd7 17. Qf5 Kb7 18. Rhe1 Rc7 19. Nb3 Qb6 20. Qxf6 Rg8
21. Rd2 Bg7 22. Qf5 Rh8 23. Qg4 Rg8 24. Qf5 Rgc8 25. Qxh7 Bh8 26. g4 a5 27.
Red1 Na6 28. Kb1 a4 29. Nd4 Bxd4 30. Rxd4 Rxc2 31. Qxc2 Rxc2 32. Kxc2 b3+ 33.
axb3 Qxb3+ 34. Kc1 Nb4 35. R1d2 a3 36. bxa3 Na2+ 37. Rxa2 Qxa2 38. Rb4+ Kc7 39.
a4 Qa3+ 40. Rb2 Qxa4 41. Rf2 Qd4 42. Rc2+ Kd7 43. h3 Qxf4+ 0-1

[Event "32. Copenhagen Open (Politiken Cup)"]
[Site "Elsinore"]
[Date "2010.08.01"]
[Round "2"]
[White "Jacobsen, Bo"]
[Black "Knudsen, Joachim Holm"]
[Result "1-0"]
[WhiteElo "2335"]
[BlackElo "1756"]
[PlyCount "55"]
[EventDate "2010.07.31"]
[EventType "swiss"]
[EventRounds "10"]
[EventCountry "DEN"]
[Source "ChessBase"]
[SourceDate "2010.09.01"]

1. c4 e6 2. g3 Nf6 3. Bg2 d5 4. Nf3 Be7 5. O-O O-O 6. d4 Nbd7 7. Qc2 Re8 8.
Nbd2 c6 9. e4 dxe4 10. Nxe4 Nxe4 11. Qxe4 Nf6 12. Qe2 c5 13. Rd1 Qb6 14. dxc5
Bxc5 15. Ne5 Bd4 16. Bf4 Nd7 17. Rd2 Nxe5 18. Bxe5 Bxe5 19. Qxe5 f6 20. Qc3 Qc7
21. Rad1 e5 22. c5 Be6 23. c6 b6 24. Rd7 Red8 25. Bd5 Rxd7 26. Bxe6+ Kf8 27.
Rxd7 Qc8 28. Qa3+ 1-0

[Event "32. Copenhagen Open (Politiken Cup)"]
[Site "Elsinore"]
[Date "2010.08.01"]
[Round "2"]
[White "Jacobsen, Per"]
[Black "Schmitt, Carsten"]
[Result "0-1"]
[WhiteElo "1689"]
[BlackElo "1933"]
[PlyCount "46"]
[EventDate "2010.07.31"]
[EventType "swiss"]
[EventRounds "10"]
[EventCountry "DEN"]
[Source "ChessBase"]
[SourceDate "2010.09.01"]

1. b3 d5 2. e3 Bf5 3. Bb2 Nd7 4. Nf3 Ngf6 5. c4 e6 6. d4 Bxb1 7. Rxb1 Bb4+ 8.
Nd2 Ne4 9. Bc1 Nc3 10. Qc2 Nxb1 11. Qxb1 c5 12. a3 Bc3 13. cxd5 exd5 14. dxc5
O-O 15. Bd3 g6 16. b4 a5 17. O-O axb4 18. axb4 Qh4 19. e4 Ne5 20. Be2 Bxd2 21.
Bxd2 Qxe4 22. Re1 Qxb1 23. Rxb1 Ra2 0-1